| 000 | 00590cam a2200217 a 4500 | ||
|---|---|---|---|
| 999 |
_c9203 _d9203 |
||
| 001 | 9203 | ||
| 003 | BD-JhCC | ||
| 005 | 20180315081212.0 | ||
| 008 | 090831s1958 pau b 000 0 eng | ||
| 035 | _a(BD-JhCC)9203 | ||
| 040 |
_aBD-JhCC _cBD-JhCC _dBD-JhCC |
||
| 041 | _aeng | ||
| 082 | 0 | 0 |
_a808.856 _222 _bWRI 1958 |
| 245 | 1 | 0 |
_aWriters at work : _bthe Paris review interviews / _cedited by Malcolm Cowley |
| 260 |
_aLondon : _bMercury Books, _cc2010. |
||
| 300 |
_a275 p. ; _c24 cm. |
||
| 650 | _aEnglish Literature | ||
| 700 | _a Cowley, Malcolm | ||
| 942 |
_2ddc _cBK |
||